000 00890nam a2200229 a 4500
001 79303
003 BD-RjUL
005 20220201114640.0
008 220201s2021 bg ||||| |||| 00| 0 ben d
020 _a9789843452412
_c:Tk.1000.00
035 _a(BD-RjUL)79303
040 _aBD-RjUL
_beng
_cBD-RjUL
041 _aeng
082 _223
_a324.2092
_bHOA 2021
100 _aহোসেন, সৈয়দ আবুল
_91055
245 1 0 _aআমার চিঠিপত্র /
_cসৈয়দ আবুল হোসেন
260 _aঢাকা :
_bখুরশিদা আকতার, চর্যাপদ,
_c২০২১
300 _a৯৯৬ পৃ.:
_bচিত্রসমূহ;
_c২৫ সেমি.
600 _aহোসেন, সৈয়দ আবুল
_xচিঠিপত্র
_91056
600 _aHossain, Syed Abul
_xCorrespondence
_91057
942 _2ddc
_cBK
999 _c79303
_d79303